000 00586nam a2200217Ia 4500
003 OSt
005 20221002055047.0
006 a|||||r|||| 00| 0
007 ta
008 220930b |||||||| |||| 00| 0 eng d
024 _a71857
037 _cReference Collections
040 _aCRL
_cCRL
_beng
041 _2eng
_aeng
082 _aT:893un1,N64, L5(RR)
100 _aTurner Roland Ed.
_9576711
245 0 _aGrants register 1979-81
260 _c1975
942 _hT:893un1,N64, L5(RR)
_cref
_2CC
999 _c926657
_d926657